000 00739nam a2200241Ia 4500
003 OSt
005 20220926021117.0
006 a|||||r|||| 00| 0
007 ta
008 220923b |||||||| |||| 00| 0 eng d
037 _cGeneral Book
040 _aRTL
_cRTL
_beng
041 _2eng
_aeng
082 _aX:53.1.N6s, K8/UN
110 _aUnited Nations Conference on trade and Development
_922209
245 0 _aKennedy round estimated effects on tariff barriers
260 _aNew York
_bU N
_c1968
300 _aiv, 217p
_ccm.
650 _aTariff
_9240384
700 _aUnited Nations Conference on trade and Development
_922210
942 _hX:53.1.N6s, K8/UN
_cGB
_2CC
999 _c635793
_d635793